000 00672nam a2200277Ia 4500
005 20260324144348.0
008 008 260324s9999 xx 000 0 eng d
020 _a9781315413976
037 _aEBOOK
040 _aCRL
040 _beng
040 _cCRL
041 _2eng
041 _aeng
084 _qCRL
100 _aAnthony G. Green; Stephen J. Ball
_91219040
245 0 _aProgress and Inequality in Comprehensive Education
260 _bTaylor and Francis
260 _c1988
365 _a
365 _b180
856 _uhttp://www.taylorfrancis.com/books/9781315413976
942 _cEBOOK
999 _c1825570
_d1825570